Missing Word: Sean Penn Quiz Stats

Quiz Updated Apr 11, 2013

Challenge
Share
Tweet
Embed
Score 0/18 Timer 02:00
1 Play Today
Title Missing Word % Correct
All the King's _____Men
96.1%
_____ Man WalkingDead
95.6%
Fast Times at _____ HighRidgemont
81.1%
Mystic _____River
80.6%
The Thin _____ LineRed
75.9%
Casualties of _____War
73.1%
I Am _____Sam
67.5%
Carlito's _____Way
64.4%
Before _____ FallsNight
61.1%
Title Missing Word % Correct
The Assassination of Richard _____Nixon
48.7%
At _____ RangeClose
45.4%
_____ Grams21
34.5%
We're No _____Angels
30%
_____ BoysBad
27.3%
State of _____Grace
16.8%
The _____ and the SnowmanFalcon
15.2%
Shanghai _____Surprise
13.7%
_____ and LowdownSweet
11.9%

Today's Daily Dose

You're not logged in!

Compare scores with friends on all Sporcle quizzes.
Sign Up with Email
OR
Log In

You Might Also Like...

Show Comments

Extras

Top Quizzes Today


Score Distribution

Your Account Isn't Verified!

In order to create a playlist on Sporcle, you need to verify the email address you used during registration. Go to your Sporcle Settings to finish the process.